Applied Probability and Queues
Saved in:
| Main Author: | |
|---|---|
| Format: | Book |
| Language: | English |
| Published: |
Chichester :
John Wiley,
1994
|
| Edition: | 1st ed., Repr. |
| Series: | Wiley series in probability and mathematical statistics. Applied probability and statistics
|
| Subjects: | |
| Tags: |
Add Tag
No Tags, Be the first to tag this record!
|
MARC
| LEADER | 00000nam a2200000 i 4500 | ||
|---|---|---|---|
| 001 | 1/49149 | ||
| 008 | 950822s1994 eng d | ||
| 020 | |a 0-471-91173-9 | ||
| 035 | |a 1995 |c ΠΑΠΑΔΟΠΟΥΛΟΣ |l 10043531 | ||
| 040 | |a GR-MY-UA |b gre |e aacr | ||
| 041 | 0 | |a eng | |
| 082 | 0 | |a 519.2 | |
| 100 | 1 | |a Asmussen, Soren. | |
| 245 | 1 | 0 | |a Applied Probability and Queues / |c Soren Asmussen |
| 250 | |a 1st ed., Repr. | ||
| 260 | |a Chichester : |b John Wiley, |c 1994 | ||
| 300 | |a 318 p.; |c 24 cm. | ||
| 490 | 1 | |a Wiley series in probability and mathematical statistics. Applied probability and statistics | |
| 500 | |a Includes bibliographical references and index | ||
| 650 | 0 | 0 | |a Stochastic processes. |
| 650 | 0 | 0 | |a Queuing theory. |
| 650 | 0 | 0 | |a Markov processes. |
| 830 | 0 | |a Wiley series in probability and mathematical statistics. Applied probability and statistics | |
| 852 | |a INST |b SAMOS |e 19950822 |h 519.2 ASM |p 005300005072 |q 005300005072 |t BK |y 0 | ||
| 909 | |a Σ |b 040984 | ||